| 000 | 01190cam a2200217 4500 | ||
|---|---|---|---|
| 001 | X128944 | ||
| 008 | 050304n2004 000 0 eng u | ||
| 035 | _a(Sirsi) u128944 | ||
| 100 | _aMelhuish, David | ||
| 245 |
_aUpward only rent reviews _bthe way forward |
||
| 260 | _c2004 | ||
| 490 | _aRICS Public Affairs Policy Submission | ||
| 520 | _aRICS response to the government consultation on commercial property leases. Suggests there is evidence of recent market reform in recent years and that the government proposals may not achieve the desired outcome of greater flexibility and choice. Argues that legislation on upward only rent reviews would only offer a partial solution to concerns over flexibility by tenants and calls for a more holistic approach. View at www.rics.org | ||
| 590 | _aKA | ||
| 650 | _aUPWARD ONLY RENT REVIEWS | ||
| 690 | _aLANDLORD AND TENANT-BUSINESS TENANCIES | ||
| 690 | _aCODE FOR LEASING BUSINESS PREMISES IN ENGLAND AND WALES | ||
| 710 |
_aRoyal Institution of Chartered Surveyors _bPublic Affairs _94679 |
||
| 856 |
_uhttps://www.rics.org/RICSWEB/getpage.aspx?p=KwIs5xQwWk25mpSadwa7mA _zView the submission on the RICS website... |
||
| 942 | _n0 | ||
| 999 |
_c74879 _d74879 |
||